Middle Eastern Cities by Pictures - Statistics

General Stats
  • This quiz has been taken 118 times
  • The average score is 10 of 12
Answer Stats
Picture Answer % Correct
Dubai
95%
Istanbul
92%
Jerusalem
91%
Doha
89%
Riyadh
86%
Abu Dhabi
84%
Tehran
84%
Kuwait City
82%
Jeddah
77%
Tel Aviv
77%
Cairo
70%
Muscat
63%
No matching quizzes found
Score Distribution
Percent of People with Each Score
Percentile by Number Answered
Your Score History
You have not taken this quiz